Consideraciones sociológicas sobre lo religioso (I)

Guardat en:
Dades bibliogràfiques
Format: Text
Matèries:
Etiquetes: Afegir etiqueta
Sense etiquetes, Sigues el primer a etiquetar aquest registre!

MARC

LEADER 00000 a a2200000 04500
001 6896
003
040
245 |a Consideraciones sociológicas sobre lo religioso (I)  
650 |a SOCIOLOGIA  
650 |a RELIGION  
650 |a CULTURA  
650 |a ECONOMIA  
650 |a POLITICA  
650 |a EL SALVADOR  
773 |g volumen 28, número 1266; páginas 2-4  
999 |c 20997  |d 20997